Music Quiz

Random Music or Kpop Quiz

Kpop Vampire Mystery (NCT, BTS, GOT7, MONSTA X...) Quiz Stats

 Plays Quiz not verified by Sporcle

Score 0/26 Timer 15:00
0 Plays Today
Answer % Correct
???
99.8%
???
56.8%
???
55.6%
???
41.9%
???
33.4%
???
31.2%
???
29.3%
???
25%
???
24.6%
???
23.7%
???
23.5%
???
21.4%
???
20.2%
Answer % Correct
???
17.7%
???
17.5%
???
15.9%
???
15.7%
???
15.2%
???
15%
???
14.4%
???
14.1%
???
14.1%
???
12.2%
???
11.8%
???
9.3%
???
8.7%
Remove Ads.
Support Sporcle.
Get the best of Sporcle when you Go Orange. This ad-free experience offers more features, more stats, and more fun while also helping to support Sporcle. Thank you for becoming a member.

You're not logged in!

Compare scores with friends on all Sporcle quizzes.
OR
Log In

Show Comments

Extras

Created Jan 12, 2020ReportNominate
Tags:Kpop Quiz, BTS, Got7, Mystery, NCT, Vampire

Top Quizzes Today


Score Distribution

Your Account Isn't Verified!

In order to create a playlist on Sporcle, you need to verify the email address you used during registration. Go to your Sporcle Settings to finish the process.

Report this User

Report this user for behavior that violates our Community Guidelines.

Details: